| 000 | 00507nam a2200193 a 4500 | ||
|---|---|---|---|
| 001 | 11549 | ||
| 003 | CO-ViMGA | ||
| 008 | 141112s2004 ck r 000 u spa d | ||
| 040 |
_aCO-ViMGA _bspa _cCO-ViMGA |
||
| 082 | 0 | 4 | _a843.91 B87e |
| 100 | 1 |
_aButor, Michel _916073 |
|
| 245 | 1 | 0 | _aEl empleado del tiempo |
| 260 |
_aBarcelona, _ceditorial seix barral, _c1958 |
||
| 300 | _a467 p. | ||
| 490 | _aBiblioteca breve | ||
| 650 | 1 | 4 |
_aNOVELA FRANCESA _92629 |
| 650 | 1 | 4 |
_aTIEMPO NOVELA _916074 |
| 942 |
_2ddc _cBK |
||
| 999 |
_c22744 _d22744 |
||